00788nam a2200193 a 450000100060000000300090000600800410001502000120005604000280006808200090009610000380010524500510014326000470019430000060024150502190024765000540046665000270052065000470054713497CO-ViMGA141112s2004 ck r 000 u spa d a9636799 aCO-ViMGAbspacCO-ViMGA04aRUBp1 aRubin, Silvia.; Staszewaky, Luisa10aProyectos integrados : bjuguemos en el kinder aSantafé de Bogotá : bCultural, c2000 a3 a.1 : Introduccion. Yo y mi escuela. Somos asi. Nuestro vecindario. V.2 : Nos comunicamos. Heroes y superheroes. La naturaleza. V.3 : En la epoca de la Colonia. Somos astronautas. El agua. Nos despedimos del jardin.14aAPTITUD MOTORA EN NIÑOS - ENSEÑANZA ELEMENTAL14aeducación PREESCOLAR14aEXPRESION INFANTIL - ENSEÑANZA ELEMENTAL